| 000 | 01535nam2a22002771 4500 | ||
|---|---|---|---|
| 001 | v19\rc\1504303 | ||
| 005 | 20250618163209.0 | ||
| 035 | _a(NLR Aleph) 004630702 | ||
| 090 |
_a3163225 _c3163225 |
||
| 100 | _a20060620d1883 |||y0rusy50 ca | ||
| 101 | 0 | _arus | |
| 102 | _aRU | ||
| 105 | _ay z ||||| | ||
| 200 | 1 | _aЗаводы сахарные и винокуренные | |
| 210 |
_d1883 _aБ. м. |
||
| 215 | _a188 с. разд. паг. | ||
| 461 | 0 |
_1001v19\rc\1504302 _12001#$aСумской уезд$eМатериалы для определения ценности и доходности предметов, подлежащих зем. обложению, собр. экспедиц. способом, по прогр., утв. Сум. зем. стат. ком. Вып. 1-3$fВ.С. Козлов$vВып. 1 _1700#1$aКозлов$bВ.С. _93163217 _aКозлов, В. С. _cХарьков _d1883-1884 _fВ.С. Козлов _nСум. земство _oМатериалы для определения ценности и доходности предметов, подлежащих зем. обложению, собр. экспедиц. способом, по прогр., утв. Сум. зем. стат. ком. Вып. 1-3 _p3 т. _tСумской уезд _vВып. 1 |
|
| 801 | 0 |
_aRU _bNLR _gpsbo |
|
| 801 | 0 |
_aRU _bRuMoRGB _2psbo |
|
| 801 | 1 |
_aRU _bProSoft-M _2rusmarc |
|
| 852 |
_aNLR _bЗем _j44-11/1 |
||
| 899 |
_aRuMoRGB _jA 153/80 |
||
| 899 |
_aRuMoRGB _jA 221/843 |
||
| 899 | _aНБ СПбГУ | ||
| 942 | _cBOOK | ||
| 980 | _aNB | ||